Songs That Never Passed Their Debut Position (Billboard Hot 100) [2009] - Statistics

General Stats
  • This quiz has been taken 3 times
  • The average score is 12 of 155
Answer Stats
Month Peak Artist(s) Song % Correct
#78 Fall Out Boy America's Suitehearts
67%
June #4 Glee Cast Don't Stop Believin'
67%
#68 Lily Allen Fuck You
67%
#6 Linkin Park New Divide
67%
#2 Miley Cyrus Party in the USA
67%
#32 Eminem 3am
33%
#70 The Fray Absolute
33%
#17 Eminem Beautiful
33%
#78 Paramore Careful
33%
#71 Madonna Celebration
33%
#24 Jay-Z D.O.A. (Death of Auto-Tune)
33%
#12 Colbie Caillat Fallin' For You
33%
#83 The Jonas Brothers Fly With Me
33%
February #37 U2 Get On Your Boots
33%
#79 The Fray Heartless
33%
#16 Kris Allen Heartless
33%
#67 Paramore Ignorance
33%
#99 Ashley Tisdale It's Alright, It's OK
33%
#30 Glee Cast It's My Life / Confessions Part II
33%
#91 MGMT Kids
33%
#81 Papa Roach Lifeline
33%
#79 U2 Magnificent
33%
#73 Creed Overcome
33%
#91 Creed Rain
33%
#98 Glee Cast Rehab
33%
January #81 Leona Lewis Run
33%
September #56 Pearl Jam The Fixer
33%
#72 Thirty Seconds to Mars This is War
33%
#65 Beyonce ft. Lady Gaga Video Phone
33%
May #9 Eminem We Made You
33%
#73 Nick Jones & The Administration Who I Am
33%
#71 Glee Cast You Can't Always Get What You Want
33%
#90 Birdman ft. Drake & Lil Wayne 4 My Town (Play Ball)
0%
#79 Yo Gotti 5 Star
0%
#56 Adam Lambert A Change is Gonna Come
0%
#37 Kris Allen Ain't No Sunshine
0%
#51 Glee Cast ft. Kristin Chenoweth Alone
0%
#94 Glee Cast And I Am Telling You I'm Not Going
0%
#66 Kris Allen Apologize
0%
#67 Beyonce At Last
0%
#100 Skillet Awake and Alive
0%
#94 Justin Bieber Bigger
0%
March #95 Spectacular! Cast Break My Heart
0%
#93 Glee Cast Bust a Move
0%
#89 Demi Lovato Catch Me
0%
#83 Five For Fighting Chances
0%
#99 Wale ft. Lady Gaga Chillin
0%
#63 David Cook Come Back to Me
0%
August #80 OneRepublic ft. Sara Bareilles Come Home
0%
#30 Taylor Swift Come in with the Rain
0%
July #67 All Time Low Damned If I Do Ya (Damned If I Don't)
0%
#95 Matt & Kim Daylight
0%
#92 Jamie Foxx ft. Drake, Kanye West & The-Dream Digital Girl
0%
#53 Glee Cast Don't Rain On My Parade
0%
#64 Glee Cast Don't Stand So Close To Me / Young Girl
0%
#79 Justin Bieber Down to Earth
0%
#78 Glee Cast Endless Love
0%
#94 Kris Allen Falling Slowly
0%
#26 Justin Bieber Favorite Girl
0%
#99 Justin Bieber ft. Usher First Dance
0%
#84 Miley Cyrus Fly on the Wall
0%
#53 Rascal Flatts Forever
0%
October #8 Drake ft. Kanye West, Lil Wayne & Eminem Forever
0%
#37 Dave Matthews Band Funny the Way It Is
0%
#40 Chamillionaire Good Morning
0%
December #25 John Mayer Half Of My Heart
0%
#40 Glee Cast Halo / Walking on Sunshine
0%
#10 Hannah Montana He Could Be the One
0%
#54 T.I. Hell of a Life
0%
#70 Mitchel Musso Hey
0%
#47 Brooke White Hold Up My Heart
0%
#21 Carrie Underwood Home Sweet Home
0%
#64 Cobra Starship Hot Mess
0%
April #33 Lil Wayne Hot Revolver
0%
#87 Hannah Montana Ice Cream Freeze (Let's Chill)
0%
#62 Susan Boyle I Dreamed a Dream
0%
#92 Jason Mraz If It Kills Me
0%
#53 50 Cent I Get It In
0%
#73 Glee Cast I'll Stand By You
0%
#67 Glee Cast Imagine
0%
#40 Drake ft. Lil Wayne & Jeezy I'm Going In
0%
#87 Paula Abdul I'm Just Here for the Music
0%
#79 DAY26 ft. P. Diddy & Yung Joc Imma Put It On Her
0%
#85 Emnem Insane
0%
#95 Francesca Battistelli It's Your Life
0%
#74 Hannah Montana ft. David Archuleta I Wanna Know You
0%
#40 Breaking Benjamin I Will Not Bow
0%
#72 The Lonely Island Jizz In My Pants
0%
#10 Taylor Swift Jump Then Fall
0%
#56 Glee Cast Keep Holding On
0%
#95 Asher Roth Lark on my Go-Kart
0%
#63 Glee Cast Last Christmas
0%
#50 Glee Cast Lean on Me
0%
#57 Hannah Montana Let's Get Crazy
0%
#51 Trey Songz ft. Gucci Mane & Soulja Boy Tell'em LOL :-)
0%
#84 The Jonas Brothers Love is On Its Way
0%
#37 Justin Bieber Love Me
0%
#59 Rascal Flatts Love Who You Love
0%
#19 Adam Lambert Mad World
0%
#61 Selena Gomez Magic
0%
#92 Rick Ross ft. Kanye West, T-Pain & Lil Wayne Maybach Music 2
0%
#88 Glee Cast ft. Kristin Chenoweth Maybe This Time
0%
#100 Whitney Houston Million Dollar Bill
0%
#51 Glee Cast My Life Would Suck Without You
0%
#82 The-Dream ft. Mariah Carey My Love
0%
#65 Glee Cast No Air
0%
#76 Wonder Girls Nobody
0%
#11 Kris Allen No Boundaries
0%
#72 Adam Lambert No Boundaries
0%
#15 Daughtry No Surprise
0%
#44 Charice Note to God
0%
#99 Kings of Leon Notion
0%
#25 Eminem ft. Dr. Dre Old Time's Sake
0%
#82 Adam Lambert One
0%
#82 Selena Gomez & Demi Lovato One and the Same
0%
#16 Justin Bieber One Less Lonely Girl
0%
#62 Lil Wayne On Fire
0%
#93 M.I.A. & A R Rahman O... Saya
0%
#92 Silversun Pickups Panic Switch
0%
#37 The Jonas Brothers Paranoid
0%
#75 The Red Jumpsuit Apparatus Pen & Paper (Something Typical)
0%
#24 David Cook Permanent
0%
#59 Kid Cudi ft. MGMT & Ratatat Pursuit of Happiness (Nightmare)
0%
#29 T.I. ft. Mary J. Blige Remember Me
0%
#65 Love and Theft Runaway
0%
#20 Disney's Friends for Change Send It On
0%
#93 Lupe Fiasco ft. Matthew Santos Shining Down
0%
#57 Flo Rida ft. Pleasure P Shone
0%
#93 Michelle Branch Sooner or Later
0%
#96 Natasha Bedingfield Soulmate
0%
#94 Lady Gaga Speechless
0%
#26 Taylor Swift Superstar
0%
November #34 Glee Cast Sweet Caroline
0%
#46 Glee Cast Take a Bow
0%
#80 T-Pain Take Your Shirt Off
0%
#71 Glee Cast Taking Chances
0%
#97 50 Cent The Invitation
0%
#63 Mary J. Blige ft. Drake The One
0%
#23 Taylor Swift The Other Side of the Door
0%
#98 Charlie Wilson There Goes My Baby
0%
#85 Rascal Flatts Things That Matter
0%
#50 Adam Lambert Time For Miracles
0%
#93 Beastie Boys ft. Nas Too Many Rappers
0%
#79 The Pussycat Dolls Top of the World
0%
#66 Glee Cast True Colors
0%
#100 George Strait Twang
0%
#100 Timbaland ft. The Fray & Esthero Undertow
0%
#19 Taylor Swift Untouchable
0%
#96 Plies ft. Ashanti Want It, Need It
0%
#88 Anya Marina Whatever You Like
0%
#88 Chris Brown ft. Plies What I Do
0%
#17 John Mayer Who Says
0%
#98 Susan Boyle Wild Horses
0%
#95 Bruce Springsteen Working on a Dream
0%
#95 Daughtry You Don't Belong
0%
No matching quizzes found
Score Distribution
Percent of People with Each Score
Percentile by Number Answered
Your Score History
You have not taken this quiz